000 00988nam a22003017a 4500
003 CHAP
005 20220329141444.0
008 971013s1987 cu r 00010 spa d
010 _a68431
011 _a69403
035 _a78879
040 _cCHAP
090 _aFolleto 12116
100 0 0 _aRivas, E.
_997586
245 1 _aBiotipos de Bipolaria sacchari (Bult.) Schoemaker y su actividad micotóxica en patrones diferenciadores
260 _a[La Habana] :
_bInstituto Superior de Ciencias Agropecuarias de La Habana,
_c[1987?]
300 _a17 p.
500 _a29-67
590 _aBATCH-UPD
_b10
_c20130110
_lUCH01
_h0830
590 _aBATCH-UPD
_b10
_c20130410
_lUCH01
_h0508
590 _aBATCH-UPD
_b10
_c20130914
_lUCH01
_h0836
590 _aCONVERSION
_b10
_c20130109
_lUCH01
_h1338
650 1 4 _aCaña de azúcar
_xEnfermedades.
_918598
650 1 4 _aHongos fitopatógenos.
_956132
901 _aBK
942 _cFOLL
949 _aFolleto 12116
_bBC
_cFOLL
_d-31755
_eTS1
_i78879
_mD
_si
999 _c68431
_d68431